[Event "KAZ-ch U20"]
[Site "Kostanay"]
[Date "2012.02.05"]
[Round "2"]
[White "Serikbay, Chingiz"]
[Black "Amirzhanov, Rinat"]
[Result "1-0"]
[WhiteElo "2116"]
[BlackElo "1836"]
[PlyCount "27"]
[EventDate "2012.02.04"]
[EventType "swiss"]
[EventRounds "9"]
[EventCountry "KAZ"]
[SourceTitle "EXT 2014"]
[Source "ChessBase"]
[SourceDate "2013.11.20"]
[SourceVersion "1"]
[SourceVersionDate "2013.11.20"]
[SourceQuality "1"]

1. Nf3 Nf6 2. g3 g6 3. Bg2 Bg7 4. 0-0 0-0 5. d4 d6 6. c4 Nbd7 7. Nc3 c5 8. e3 Nb6 9. b3 a5 10. a4 Nbd7 11. Ba3 Qb6 12. Rc1 Nb8 13. Nd5 Nxd5 14. cxd5 1-0

[Event "Wch U12"]
[Site "Caldas Novas"]
[Date "2011.11.22"]
[Round "5"]
[White "Cori Quispe, Kevin Joel"]
[Black "Amirzhanov, Rinat"]
[Result "1-0"]
[WhiteElo "2008"]
[BlackElo "1823"]
[PlyCount "73"]
[EventDate "2011.11.18"]
[EventType "swiss"]
[EventRounds "9"]
[EventCountry "BRA"]
[SourceTitle "EXT 2013"]
[Source "ChessBase"]
[SourceDate "2012.11.22"]
[SourceVersion "1"]
[SourceVersionDate "2012.11.22"]
[SourceQuality "1"]

1. e4 c5 2. Nf3 e6 3. d4 cxd4 4. Nxd4 a6 5. Nc3 Qc7 6. Be2 b5 7. 0-0 Bb7 8. Bf3 d6 9. Re1 Nf6 10. Qe2 Nbd7 11. g3 Nc5 12. a3 Be7 13. Bg2 0-0 14. f3 Rfd8 15. Bd2 Ncd7 16. Rad1 Nb6 17. Bc1 Nc4 18. Nb1 g6 19. b3 Nb6 20. c3 e5 21. Nc2 Bc8 22. Bb2 Be6 23. Nd2 Nfd7 24. Ne3 Nc5 25. c4 bxc4 26. bxc4 Nca4 27. Ba1 Bg5 28. f4 exf4 29. Nd5 Bxd5 30. exd5 fxg3 31. Ne4 gxh2+ 32. Kh1 h6 33. c5 Nxc5 34. Qb2 f6 35. Nxf6+ Kf7 36. Nh7 Qe7 37. Nxg5+ 1-0

[Event "Wch U12"]
[Site "Caldas Novas"]
[Date "2011.11.20"]
[Round "4"]
[White "Amirzhanov, Rinat"]
[Black "Acosta, Pablo Ismael"]
[Result "0-1"]
[WhiteElo "1823"]
[BlackElo "2065"]
[PlyCount "124"]
[EventDate "2011.11.18"]
[EventType "swiss"]
[EventRounds "9"]
[EventCountry "BRA"]
[SourceTitle "EXT 2013"]
[Source "ChessBase"]
[SourceDate "2012.11.22"]
[SourceVersion "1"]
[SourceVersionDate "2012.11.22"]
[SourceQuality "1"]

1. e4 c5 2. c3 d5 3. exd5 Qxd5 4. d4 cxd4 5. cxd4 Nc6 6. Nf3 Bg4 7. Be2 e6 8. Nc3 Bb4 9. 0-0 Bxc3 10. bxc3 Nge7 11. h3 Bh5 12. Be3 0-0 13. Rb1 Qd7 14. Qb3 b6 15. Rfd1 Na5 16. Qb2 Bxf3 17. Bxf3 Rac8 18. Rbc1 Nd5 19. Bxd5 Qxd5 20. Qe2 Nc4 21. Bf4 Rfd8 22. Rd3 e5 23. Bg5 f6 24. Bh4 g5 25. Bg3 e4 26. Rdd1 Rc6 27. Qg4 Nb2 28. Rd2 Nd3 29. Rcc2 f5 30. Qxg5+ Rg6 31. Qe3 Rf8 32. Bf4 Qb5 33. Rd1 Qa4 34. Rdd2 Rc8 35. f3 Nb4 36. Rb2 Nd5 37. Qe1 Nxf4 38. fxe4 Rxc3 39. exf5 Rf6 40. Rf2 Qc6 41. Qd2 Nd5 42. Qg5+ Kf8 43. Rbe2 h6 44. Qh4 Ne3 45. Qf4 Nd5 46. Qh4 Re3 47. Rc2 Re1+ 48. Kh2 Qd6+ 49. g3 Ne3 50. Rc8+ Kg7 51. Qh5 Qd7 52. Ra8 Qb7 53. Qf3 Qxf3 54. Rxf3 Nxf5 55. Rxa7+ Kg6 56. Ra6 Rd6 57. Rb3 Re2+ 58. Kg1 Rxd4 59. Rbxb6+ Kg5 60. Rb1 Nxg3 61. Ra5+ Kh4 62. Ra6 h5 0-1

[Event "World School-ch U11 7th"]
[Site "Krakow"]
[Date "2011.05.03"]
[Round "4"]
[White "Choina, Michal"]
[Black "Amirzhanov, Rinat"]
[Result "0-1"]
[WhiteElo "1605"]
[BlackElo "1867"]
[PlyCount "58"]
[EventDate "2011.04.30"]
[EventType "swiss"]
[EventRounds "9"]
[EventCountry "POL"]
[SourceTitle "CBM 142 Extra"]
[Source "ChessBase"]
[SourceDate "2011.06.27"]
[SourceVersion "1"]
[SourceVersionDate "2011.06.27"]
[SourceQuality "1"]

1. e4 c5 2. Nf3 e6 3. d4 cxd4 4. Nxd4 a6 5. Nc3 Qc7 6. Bd3 Nc6 7. Nf3 Nf6 8. a3 Be7 9. h3 0-0 10. 0-0 b5 11. b4 Bb7 12. Re1 Nxb4 13. Bb2 Nxd3 14. cxd3 d5 15. e5 Nd7 16. d4 Nb6 17. Rc1 Nc4 18. Qb3 Qd7 19. Ne2 Rfc8 20. Ng3 Nxb2 21. Qxb2 Rxc1 22. Rxc1 Rc8 23. Rd1 Qc7 24. Qe2 Bxa3 25. Nh2 Qc2 26. Rd2 Qb1+ 27. Nhf1 b4 28. Rd3 Rc3 29. Rxc3 bxc3 0-1

[Event "Moscow op-E"]
[Site "Moscow"]
[Date "2011.02.04"]
[Round "7.229"]
[White "Amirzhanov, Rinat"]
[Black "Skoriak, Ivan"]
[Result "0-1"]
[WhiteElo "1845"]
[BlackElo "1971"]
[PlyCount "80"]
[EventDate "2011.01.29"]
[EventType "swiss"]
[EventRounds "9"]
[EventCountry "RUS"]
[SourceTitle "EXT 2022"]
[Source "ChessBase"]
[SourceDate "2021.10.06"]
[SourceVersion "1"]
[SourceVersionDate "2021.10.06"]
[SourceQuality "1"]

1. e4 e5 2. Nf3 Nc6 3. d4 exd4 4. Nxd4 Bc5 5. Be3 Qf6 6. c3 Nge7 7. Be2 Bb6 8. 0-0 0-0 9. Nb5 Bxe3 10. fxe3 Qe5 11. Bd3 a6 12. Qa4 d5 13. Nd4 Bd7 14. Qc2 dxe4 15. Bxe4 f5 16. Qb3+ Kh8 17. Bxc6 Qxe3+ 18. Kh1 Nxc6 19. Na3 Nxd4 20. cxd4 Qxb3 21. axb3 Be6 22. Rac1 c6 23. Rc3 Rad8 24. Nc2 Bd5 25. Rd1 Rfe8 26. Ne3 Be4 27. Kg1 g6 28. Nc4 Kg7 29. Kf2 c5 30. Nd2 Rxd4 31. Rxc5 Red8 32. Rc7+ Kh6 33. Ke2 Bxg2 34. Rc4 R4d6 35. Rcc1 f4 36. Nc4 f3+ 37. Ke1 Rxd1+ 38. Rxd1 Rxd1+ 39. Kf2 b5 40. Ne5 Rd2+ 0-1

[Event "Moscow op-E"]
[Site "Moscow"]
[Date "2011.01.31"]
[Round "3.224"]
[White "Amirzhanov, Rinat"]
[Black "Solonsky, Alexandr"]
[Result "1/2-1/2"]
[WhiteElo "1845"]
[BlackElo "1995"]
[PlyCount "59"]
[EventDate "2011.01.29"]
[EventType "swiss"]
[EventRounds "9"]
[EventCountry "RUS"]
[SourceTitle "EXT 2022"]
[Source "ChessBase"]
[SourceDate "2021.10.06"]
[SourceVersion "1"]
[SourceVersionDate "2021.10.06"]
[SourceQuality "1"]

1. e4 d5 2. exd5 Nf6 3. d4 Nxd5 4. Nf3 g6 5. Bc4 Bg7 6. 0-0 0-0 7. Nc3 Nb6 8. Bb3 Bg4 9. Be3 Nc6 10. h3 Bxf3 11. Qxf3 Nxd4 12. Bxd4 Qxd4 13. Qxb7 Be5 14. Qf3 e6 15. Rfe1 Qf4 16. Qxf4 Bxf4 17. Rad1 Rfd8 18. Ne4 a5 19. c3 a4 20. Bc2 a3 21. bxa3 Rxd1 22. Rxd1 Rxa3 23. Bb3 Ra5 24. g3 Bg5 25. f4 Bh6 26. Rd8+ Kg7 27. Ng5 Ra8 28. Rxa8 Nxa8 29. Ne4 Kf8 30. Kf2 1/2-1/2

[Event "Moscow op-E"]
[Site "Moscow"]
[Date "2011.01.30"]
[Round "2.246"]
[White "Shliakhov, Ivan"]
[Black "Amirzhanov, Rinat"]
[Result "1/2-1/2"]
[WhiteElo "1990"]
[BlackElo "1845"]
[PlyCount "39"]
[EventDate "2011.01.29"]
[EventType "swiss"]
[EventRounds "9"]
[EventCountry "RUS"]
[SourceTitle "EXT 2022"]
[Source "ChessBase"]
[SourceDate "2021.10.06"]
[SourceVersion "1"]
[SourceVersionDate "2021.10.06"]
[SourceQuality "1"]

1. d4 Nf6 2. Nf3 g6 3. Nbd2 Bg7 4. e4 d6 5. Bc4 0-0 6. 0-0 Bg4 7. h3 Bxf3 8. Nxf3 Nbd7 9. Re1 e5 10. c3 Qe7 11. Qb3 Nb6 12. Bd3 Rad8 13. a4 a5 14. d5 Nfd7 15. Bc2 Nc5 16. Qb5 Qd7 17. b4 axb4 18. cxb4 Na6 19. Qxd7 Nxd7 20. Bd2 1/2-1/2